Délirant Brésil? De Copacabana à l'Amazonie

Đã lưu trong:
书目详细资料
主要作者: Rondiere, Pierre
格式: 图书
语言:Undetermined
出版: [ France] Hachette 1963
标签: 添加标签
没有标签, 成为第一个标记此记录!
Thư viện lưu trữ: Trung tâm Học liệu Trường Đại học Cần Thơ
LEADER 00455nam a2200169Ia 4500
001 CTU_86828
008 210402s9999 xx 000 0 und d
082 |a 918.1 
082 |b R771 
100 |a Rondiere, Pierre 
245 0 |a Délirant Brésil? De Copacabana à l'Amazonie 
245 0 |c Pierre Rondiere 
260 |a [ France] 
260 |b Hachette 
260 |c 1963 
904 |i Mai Loan 
980 |a Trung tâm Học liệu Trường Đại học Cần Thơ